00433nam a2200145Ia 4500003000900000008004100009040001600050245008800066260003900154300001100193650001300204650001600217700002800233700002600261IN-BaIIA211028s9999 xx 000 0 eng d cIIA Library 0aHandbook of mathematical functionscedited by Milton Abramowitz and Irene A. Stegun aNew YorkbDover Publicationsc1965 a1046p. aHandbook amathematics aMilton, Abramowitz, ed. aStegun, Irene A., ed.